CSM to relaunch as RICS Business (Record no. 70808)
[ view plain ]
| 000 -LEADER | |
|---|---|
| fixed length control field | 00805cam a2200193 4500 |
| 001 - CONTROL NUMBER | |
| control field | WB3827-15 |
| 008 - FIXED-LENGTH DATA ELEMENTS--GENERAL INFORMATION | |
| fixed length control field | 020724n2002 000 0 eng u |
| 035 ## - SYSTEM CONTROL NUMBER | |
| System control number | (Sirsi) u119032 |
| 245 ## - TITLE STATEMENT | |
| Title | CSM to relaunch as RICS Business |
| 260 ## - PUBLICATION, DISTRIBUTION, ETC. | |
| Date of publication, distribution, etc. | 2002 |
| 490 ## - SERIES STATEMENT | |
| Series statement | CSM (Chartered Surveyor Monthly) |
| Volume/sequential designation | July & August 2002, 7(1) |
| 520 ## - SUMMARY, ETC. | |
| Summary, etc. | The last CSM has been published: instead a new look member magazine will be launched in the autumn. Called RICS Business it will provide detailed news, features and analysis and hopes to improve the surveying profession's image by appealing to a wider audience. Members will be encouraged to contribute views and generate debate. |
| 590 ## - LOCAL NOTE (RLIN) | |
| Local note | WB |
| 650 ## - SUBJECT ADDED ENTRY--TOPICAL TERM | |
| Topical term or geographic name entry element | SURVEYING PROFESSION |
| 650 ## - SUBJECT ADDED ENTRY--TOPICAL TERM | |
| Topical term or geographic name entry element | SURVEYORS |
| 650 ## - SUBJECT ADDED ENTRY--TOPICAL TERM | |
| Topical term or geographic name entry element | MARKETING |
| 690 ## - LOCAL SUBJECT ADDED ENTRY--TOPICAL TERM (OCLC, RLIN) | |
| Topical term or geographic name as entry element | RICS NEWS |
| 942 ## - ADDED ENTRY ELEMENTS (KOHA) | |
| Suppress in OPAC | 0 |
| Withdrawn status | Lost status | Source of classification or shelving scheme | Damaged status | Not for loan | Home library | Current library | Shelving location | Date acquired | Total Checkouts | Full call number | Barcode | Date last seen | Copy number | Price effective from | Koha item type |
|---|---|---|---|---|---|---|---|---|---|---|---|---|---|---|---|
| Dewey Decimal Classification | London | London | News article | 24/07/2002 | WB3827-15 | 119032-1001 | 06/08/2019 | 1 | 06/08/2019 | News article |